000 00884nam a2200253Ia 4500
008 191130s2002##################000#0#eng##
020 _a9781840641424
022 _a2001051133
040 _aACL
_cACL
082 _a338.9 KIR
245 _aHandbook on development policy and management
_cedited by Colin Kirkpatrick, Ron Clarke and Charles Polidano
260 _aCheltenham, UK ; Northampton, MA
_bEdward Elgar
_c2002
300 _axix, 452 p. : ill. ; 24 cm
500 _aIncludes bibliographical references and index
650 _aEconomic development - Handbooks, manuals, etc
650 _aEconomic policy - Handbooks, manuals, etc
650 _aSocial policy - Handbooks, manuals, etc
700 _aClarke, Ron
700 _aKirkpatrick, C. H
700 _aPolidano, Charles
990 _a90568bf2ac10000c6bbbac7dce87e261
991 _a203393
999 _c238680
_d238680